Comptes rendus des seances de l'Academie des sciences. Serie C, Sciences chimiques.

Bibliographic Details
New Title:Comptes rendus des seances de l'Academie des sciences. Serie II, Mecanique, physique, chimie, sciences de la terre, sciences de l'univers
Previous Title:Comptes rendus hebdomadaires des seances de l'Academie des sciences. Serie C. Sciences chimiques
Corporate Author: Académie des sciences (France)
Format: Serial
Language:French
Language Notes:Summaries in English.
Published: Paris : Gauthier-Villars, 1979-[1980]
Subjects:
Online Availability: Check for online availability

MARC

Tag First Indicator Second Indicator Subfields
LEADER 00000cas a2200000 a 4500
001 in00000080680
005 20151008054038.0
008 800908d19791980fr wr f0uuub0fre d
010 |a  81642812  
012 |a 4  |b 7 
022 |a 0567-6541 
035 |a (OCoLC)06689895 
035 |9 AAH9457AM 
040 |a KSW  |c KSW  |d DLC  |d TXA  |d UtOrBLW 
041 0 |a fre  |b eng 
042 |a lc 
049 |a TXAE 
050 0 0 |a QD1  |b .A26 
082 0 |a 540/.5 
090 |a QD1  |b .A26 
245 0 0 |a Comptes rendus des seances de l'Academie des sciences.  |n Serie C,  |p Sciences chimiques. 
264 1 |a Paris :  |b Gauthier-Villars,  |c 1979-[1980] 
300 |a volumes :  |b illustrations ;  |c 27 cm. 
310 |a Weekly 
336 |a text  |b txt  |2 rdacontent 
337 |a unmediated  |b n  |2 rdamedia 
338 |a volume  |b nc  |2 rdacarrier 
362 0 |a T. 288, ser. C, no 1 (8 jan. 1979)-t. 291, ser. C, no. 13 (15 dec. 1980). 
500 |a Title from cover. 
546 |a Summaries in English. 
650 0 |a Chemistry  |v Periodicals. 
710 2 |a Académie des sciences (France) 
770 1 |t Comptes rendus des seances de l'Academie des sciences. Vie academique  |w (DLC) 76640815 
780 0 0 |t Comptes rendus hebdomadaires des seances de l'Academie des sciences. Serie C. Sciences chimiques  |x 0567-6541  |w (OCoLC)1124681 
785 0 0 |t Comptes rendus des seances de l'Academie des sciences. Serie II, Mecanique, physique, chimie, sciences de la terre, sciences de l'univers  |w (DLC) 81642813 
999 |a MARS 
999 f f |s 310ce1c8-9be7-31df-a866-a270d73889c4  |i da19f039-8110-3c17-8fd7-08cae50d1801  |t 0 
952 f f |p serial  |a Texas A&M University  |b Rellis Campus  |c Joint Library Facility  |d Remote Storage  |t 0  |e QD1 .A26  |h Library of Congress classification  |i unmediated -- volume  |k v.288  |l 1979:Jan-Feb.  |m A14812125520 
998 f f |a QD1 .A26  |s t.288-291 (1979-1980)  |t 0  |l Remote Storage